Normal view
MARC view
Entry Topical Term
001 - CONTROL NUMBER
- control field: 25685
003 - CONTROL NUMBER IDENTIFIER
- control field: OSt
005 - DATE AND TIME OF LATEST TRANSACTION
- control field: 20210724163708.0
008 - FIXED-LENGTH DATA ELEMENTS
- fixed length control field: 210724|| aca||aabn | a|a d
040 ## - CATALOGING SOURCE
- Original cataloging agency: OSt
- Transcribing agency: OSt
150 ## - HEADING--TOPICAL TERM
- Topical term or geographic name entry element: Federalism, Intergovernmental relations (IGR), COVID-19 pandemic, Kaleidoscopic federalism
670 ## - SOURCE DATA FOUND
- Source citation: Work cat.: (OSt): Benton, J. Edwin 25684, Challenges to federalism and intergovernmental relations and takeaways amid the covid-19 experience
